भारत की आतरिक सुरक्षा की मुख्य चुनौतिया/ (Record no. 200176)

MARC details
000 -LEADER
fixed length control field 01115nam a22001937a 4500
005 - DATE AND TIME OF LATEST TRANSACTION
control field 20240321144525.0
010 ## - LCCN (DPL NO)
LC control number B-758111-114
020 ## - INTERNATIONAL STANDARD BOOK NUMBER
Terms of availability 325.00
International Standard Book Number 9789355322562
035 ## - SYSTEM CONTROL NUMBER
System control number B-758111-114
082 ## - DEWEY DECIMAL CLASSIFICATION NUMBER
Classification number 333.7924
100 ## - MAIN ENTRY--PERSONAL NAME
Personal name अशोक कुमार
245 ## - TITLE STATEMENT
Title भारत की आतरिक सुरक्षा की मुख्य चुनौतिया/
Statement of responsibility, etc अशोक कुमार और विपुल अनेकांत
260 ## - PUBLICATION, DISTRIBUTION, ETC. (IMPRINT)
Place of publication, distribution, etc Chennai
Name of publisher, distributor, etc McGraw Hill
Date of publication, distribution, etc 2022
270 ## - ADDRESS
Address Anjana Complex No. 5/90A, Butt Road, St. Thomas Mount, Chennai
City Chennai
Postal code 600016
300 ## - PHYSICAL DESCRIPTION
Extent विविध पृष्ट.;
Dimensions 23सेमी (अजिल्द)
700 ## - ADDED ENTRY--PERSONAL NAME
Personal name अनेकांत, विपुल
9 (RLIN) 59665
Relator term दूसरा लेखक
942 ## - ADDED ENTRY ELEMENTS (KOHA)
Source of classification or shelving scheme Dewey Decimal Classification
Item type Hindi Books
Edition अशोक
Call number suffix 333.7924
Holdings
Withdrawn status Lost status Not for loan Collection code Home library Current library Date acquired Source of acquisition Cost, normal purchase price Full call number Barcode Copy number Cost, replacement price Koha item type
      Non-fiction Central Library Central Library 21/03/2024 प्रगति पब्लिकेशन /26/17.1.24/168/9.1.24/25.1.24 325.00 333.7924 B-758111 1 325.00 Hindi Books
      Non-fiction Janak Puri Janak Puri 21/03/2024 प्रगति पब्लिकेशन /26/17.1.24/168/9.1.24/25.1.24 325.00 333.7924 B-758113 1 325.00 Hindi Books
      Non-fiction Mobile Library Mobile Library 21/03/2024 प्रगति पब्लिकेशन /26/17.1.24/168/9.1.24/25.1.24 325.00 333.7924 B-758112 1 325.00 Hindi Books
      Non-fiction Shahdara Branch Shahdara Branch 21/03/2024 प्रगति पब्लिकेशन /26/17.1.24/168/9.1.24/25.1.24 325.00 333.7924 B-758114 1 325.00 Hindi Books

© Delhi Public Library
Hit Counter
free hit counter